| 000 | 00532cam a2200145 4500500 | ||
|---|---|---|---|
| 005 | 20260201142523.0 | ||
| 041 | _afre | ||
| 042 | _adc | ||
| 100 | 1 | 0 |
_aMuena Muanza, Ntumba _eauthor |
| 245 | 0 | 0 | _aPapauté, Église et monde contemporain : Quête interculturelle des discours et pratiques du pouvoir |
| 260 | _c2005. | ||
| 500 | _a52 | ||
| 786 | 0 | _nPrésence Africaine | 172 | 2 | 2005-06-01 | p. 147-160 | 0032-7638 | |
| 856 | 4 | 1 | _uhttps://shs.cairn.info/revue-presence-africaine-2005-2-page-147?lang=fr&redirect-ssocas=7080 |
| 999 |
_c1642827 _d1642827 |
||